000 00561nam a2200205Ia 4500
003 OSt
005 20220926035035.0
006 a|||||r|||| 00| 0
007 ta
008 220923b |||||||| |||| 00| 0 eng d
037 _cGeneral Book
040 _aRTL
_cRTL
_beng
041 _2eng
_aeng
082 _aB2817, J5
100 _aFinney D J
_9341762
245 0 _aExperimental design and its statistical basic
490 _aScientist's Library, Biology and Medicine
942 _hB2817, J5
_cGB
_2CC
999 _c661195
_d661195